000 01307cam a2200313 a 4500
001 4314654
003 OSt
005 20180117085953.0
008 871020s1988 dcu b 001 0 eng
010 _a 87031233
020 _a0309037875 (pbk.)
020 _a0309037921 (hard)
040 _aDLC
_cDLC
_dDLC
050 0 0 _aBF637.S4
_bE56 1988
082 0 0 _a158
_219
245 0 0 _aEnhancing human performance :
_bissues, theories, and techniques /
_cDaniel Druckman and John A. Swets, editors.
260 _aWashington, D.C. :
_bNational Academy Press,
_c1988.
300 _axi, 299 p. ;
_c23 cm.
500 _a"Committee on Techniques for the Enhancement of Human Performance, Commission on Behavioral and Social Sciences and Education, National Research Council."
500 _aIncludes index.
504 _aBibliography: p. 209-231.
650 0 _aPerformance
_xPsychological aspects.
700 1 _aDruckman, Daniel,
_d1939-
700 1 _aSwets, John A.,
_d1928-
710 2 _aNational Research Council (U.S.).
_bCommittee on Techniques for the Enhancement of Human Performance.
906 _a7
_bcbc
_corignew
_d1
_eocip
_f19
_gy-gencatlg
942 _2ddc
_cBK
999 _c2954
_d2954